00479nam a2200133Ia 4500008004100000100001900041245009700060245003800157260005300195260001300248300000800261650001500269856006100284170221s9999 xx 000 0 und d aHassan Alaaraj aDoes Good Governance Mediate Relationship Between E-Government and Public Trust in Lebanon?  cHassan Alaaraj, Sallahudin Hassan bInternational Review of Management and Marketing cMay 2015 a4:2 xMarketing. uhttp://www.econjournals.com/index.php/irmm/issue/view/82